Natural rubber bearings with fabric reinforcement (Record no. 63496)

MARC details
000 -LEADER
fixed length control field 00330nam a2200121Ia 4500
100 ## - MAIN ENTRY--AUTHOR NAME
Personal name Kamaruddin Abd Malek
245 #0 - TITLE STATEMENT
Title Natural rubber bearings with fabric reinforcement
650 ## - SUBJECT ADDED ENTRY--TOPICAL TERM
Topical Term Fabric reinforcement
650 ## - SUBJECT ADDED ENTRY--TOPICAL TERM
Topical Term Rubber engineering
700 ## - ADDED ENTRY--PERSONAL NAME
Personal name Gregory M J
942 ## - ADDED ENTRY ELEMENTS (KOHA)
Koha item type Journals
Holdings
Withdrawn status Lost status Damaged status Not for loan Home library Current library Date acquired Koha item type
      Journals RRII Library RRII Library 17/12/2021 Journals